| 000 | 00880nam a2200229 4500 | ||
|---|---|---|---|
| 001 | 145055 | ||
| 003 | ES-MaACL | ||
| 007 | t| | ||
| 008 | 070214s1946 mx r ||||1| spa d | ||
| 100 | 1 |
_aSombart, Werner. _9107262 |
|
| 245 | 1 | 3 |
_aEl apogeo del capitalismo / _cWerner Sombart ; [versión directa por José Urbano Guerrero y Vicente Caridad]. |
| 250 | _a[1ª ed.]. | ||
| 260 |
_aMéxico : _bFondo de Cultura Económica, _c1946 ( _fGráf. Panamericana) |
||
| 300 |
_a2 v. ; _c25 cm. |
||
| 490 | 1 | _aLas obras maestras de la Economía | |
| 500 | _aVol. I / versión directa por José Urbano Guerrero -------- Vol. II / versión directa por Vicente Caridad. | ||
| 700 | 1 |
_aUrbano Guerrero, José. _9112078 |
|
| 700 | 1 |
_aCaridad, Vicente. _935241 |
|
| 830 | 0 |
_aLas obras maestras de la Economía _9187391 |
|
| 852 |
_aES-MaACL _jE-1796-7 _bR.22617 |
||
| 999 |
_c145055 _d145055 |
||